000
00196 a2200097 4500
001
5093
100
_a
Daniels,F
245
_a
Solar energy research
260
_a
_b
Thames
_c
090
_c
4238
_d
4238
942
_a
NUST-CAE
_c
M
_c
30532
999
_c
240166
_d
240166